Countries Represented in Cars 2 - Statistics

General Stats
  • This quiz has been taken 94 times
  • The average score is 11 of 15
Answer Stats
Racer Country % Correct
Francesco Bernoulli Italy
97%
Lightning McQueen USA
95%
Max Schnell Germany
92%
Shu Todoroki Japan
92%
Nigel Gearsley UK
92%
Raoul ÇaRoule France
89%
Carla Veloso Brazil
87%
Miguel Camino Spain
86%
Lewis Hamilton UK / Grenada
84%
Long Ge China
60%
Vitaly Petrov Russia
60%
Memo Rojas Jr. Mexico
54%
Frosty Winterbumper Australia
51%
Flash Nilsson Sweden
35%
Rip Clutchgoneski Republic of New Rearendia
11%
No matching quizzes found
Score Distribution
Percent of People with Each Score
Percentile by Number Answered
Your Score History
You have not taken this quiz